<?xml version="1.0" encoding="UTF-8"?>
<marc:record xmlns:marc="http://www.loc.gov/MARC21/slim">
   <marc:leader>00000nam a2200000 a 4500</marc:leader>
   <marc:datafield ind1="1" ind2=" " tag="100">
      <marc:subfield code="a">Baker, Mark</marc:subfield>
   </marc:datafield>
   <marc:datafield ind1="0" ind2="0" tag="245">
      <marc:subfield code="a">Kürbis Wettbewerb [Bildtonträger]</marc:subfield>
   </marc:datafield>
   <marc:datafield ind1="0" ind2="0" tag="245">
      <marc:subfield code="b">10+2 lustige Abenteuer</marc:subfield>
   </marc:datafield>
   <marc:datafield ind1="0" ind2="0" tag="245">
      <marc:subfield code="c">Regie: Mark Baker</marc:subfield>
   </marc:datafield>
   <marc:datafield ind1=" " ind2="1" tag="264">
      <marc:subfield code="a">Hamburg</marc:subfield>
      <marc:subfield code="b">Universal Pictures Germany</marc:subfield>
      <marc:subfield code="c">2021</marc:subfield>
   </marc:datafield>
   <marc:datafield ind1="1" ind2=" " tag="490">
      <marc:subfield code="a">Pappa Pig</marc:subfield>
   </marc:datafield>
   <marc:datafield ind1="1" ind2=" " tag="520">
      <marc:subfield code="a">"Kürbis-Wettbewerb" und andere GeschichtenPeppa und ihre Freunde basteln Kürbis-Laternen. Madame Gazelle kürt den schönsten Kürbis. Es gibt aber nicht nur einen einzigen Gewinner - jeder Kürbis gewinnt, weil alle etwas ganz Besonderes sind. Erlebe diese und viele weitere lustige Abenteuer mit Peppa, ihrem kleinen Bruder Schorsch, Mama Wutz, Papa Wutz und all ihren Freunden.10 + 2 lustige Abenteuer- Der Kürbis-Wettbewerb- Der Fischteich- Der Piratenschatz- Der Sandkasten- Vor langer Zeit- Obst- Herr Bulle im Porzellanladen- Bootsfahren- Spiegel- Pedro kommt zu spätPlus 2 Bonusfolgen:- Gartenspiele- Das Kinderfest</marc:subfield>
   </marc:datafield>
   <marc:datafield ind1=" " ind2=" " tag="020">
      <marc:subfield code="a">5053083235963</marc:subfield>
      <marc:subfield code="9">5053083235963</marc:subfield>
   </marc:datafield>
   <marc:datafield ind1=" " ind2=" " tag="500">
      <marc:subfield code="a">Orig. : GB 2021. Sprache: Deutsch</marc:subfield>
   </marc:datafield>
   <marc:datafield ind1="0" ind2=" " tag="490">
      <marc:subfield code="v">0</marc:subfield>
   </marc:datafield>
   <marc:datafield ind1=" " ind2=" " tag="300">
      <marc:subfield code="a">1 DVD (62 Min.) : farbig</marc:subfield>
   </marc:datafield>
</marc:record>
